| 000 | 00841cam a2200241 4500 | ||
|---|---|---|---|
| 001 | ABS61410 | ||
| 008 | 000000n1999 000 0 eng u | ||
| 035 | _a(Sirsi) u100667 | ||
| 100 | _aAllbrook, W. | ||
| 245 | _aData on demand | ||
| 260 | _c1999 | ||
| 490 |
_aMunicipal Journal _v 24-30 September 1999, 22-24(3) |
||
| 520 | _aExamines the ways in which some councils are using GIS to improve services and efficiency. Local authorities have just signed a new five-year Service Level Agreement with Ordnance Survey that will give access to a broader range of digital maps and data. | ||
| 590 | _aABS | ||
| 650 | _aGIS | ||
| 650 | _aDIGITAL MAPPING | ||
| 650 | _aLOCAL AUTHORITIES | ||
| 650 | _aORDNANCE SURVEY | ||
| 650 | _aSERVICE LEVEL AGREEMENTS | ||
| 690 | _aMAPPING AND MEASUREMENT | ||
| 700 | _aPeel, R. | ||
| 942 | _n0 | ||
| 999 |
_c60210 _d60210 |
||